| 000 | 00675nam a2200241Ia 4500 | ||
|---|---|---|---|
| 003 | OSt | ||
| 005 | 20221007101321.0 | ||
| 006 | a|||||r|||| 00| 0 | ||
| 007 | ta | ||
| 008 | 221006b |||||||| |||| 00| 0 eng d | ||
| 024 | _a6,230 | ||
| 037 | _cReference Collections | ||
| 040 |
_aLCO _cLCO _beng |
||
| 041 |
_2eng _aeng |
||
| 082 | _aZ3,50k95, K9 | ||
| 100 | _aActon H.B. ED. | ||
| 245 | 0 |
_aPhilosophy of Punishment _b A Collection of Papers |
|
| 260 |
_aLondon _bSt Martin's Press U.K. _c1969 |
||
| 300 | _a238 | ||
| 650 |
_aPUNISHMENT _9453522 |
||
| 942 |
_hZ3,50k95, K9 _cREF |
||
| 999 |
_c1175793 _d1175793 |
||